Statistics for Countries in the CSTO

Click here to take the quiz!

General Stats

  • This quiz has been taken 99 times
  • The average score is 6 of 6

Answer Stats

Answer% Correct
Russia
100%
Kazakhstan
98%
Belarus
96%
Tajikistan
91%
Armenia
88%
Kyrgyzstan
88%

Score Distribution

Percentile by Number Answered

Percent of People with Each Score

Your Score History

You have not taken this quiz